000 00742nam a22002297a 4500
005 20240530110859.0
008 220126b2005 ua g 000 0 ara d
017 _a2005/2593
_bمصر. دار الكتب
020 _a9773512088
040 _aEG-CaGPL
_cEG-CaGPL
082 0 4 _221
_a810.80355/
_bع ح
100 0 _aعبلة الروينى
245 1 0 _aحكى الطائر :
_bسعد الله ونوس /
_cعبلة الروينى
250 _aط1
260 _aالقاهرة :
_bدار ميريت،
_c2005.
300 _a156 ص. ؛
_c19 سم.
650 0 7 _2qrmak
_aالادب العربى
650 0 7 _2qrmak
_aالمقالات الادبية
651 _2qrmak
942 _2ddc
_cBK
999 _c66096
_d66096